|
|
|
|
| LEADER |
00000cam a22000004a 4500 |
| 001 |
musev2_84702 |
| 003 |
MdBmJHUP |
| 005 |
20230905052717.0 |
| 006 |
m o d |
| 007 |
cr||||||||nn|n |
| 008 |
760514s1976 inu o 00 0 eng d |
| 020 |
|
|
|a 9780253054197
|
| 035 |
|
|
|a (OCoLC)116061866
|
| 040 |
|
|
|a MdBmJHUP
|c MdBmJHUP
|
| 100 |
1 |
|
|a Jensen, H. James,
|d 1933-
|
| 245 |
1 |
4 |
|a The Muses' Concord :
|b Literature, Music, and the Visual Arts in the Baroque Age /
|c H. James Jensen.
|
| 264 |
|
1 |
|a Bloomington :
|b Indiana University Press,
|c 1976.
|
| 264 |
|
3 |
|a Baltimore, Md. :
|b Project MUSE,
|c 2021
|
| 264 |
|
4 |
|c ©1976.
|
| 300 |
|
|
|a 1 online resource:
|b illustrations
|
| 336 |
|
|
|a text
|b txt
|2 rdacontent
|
| 337 |
|
|
|a computer
|b c
|2 rdamedia
|
| 338 |
|
|
|a online resource
|b cr
|2 rdacarrier
|
| 505 |
0 |
|
|a Theories of knowledge and perception -- Instruction and delight in art -- Rhetorical theory and practice -- Rhetorical theory and the arts -- Passions, rhetoric, and characterization -- Rules criticism and aesthetics -- Social correctness and taste -- Continental pressures and the English national culture -- Comparisons of the arts.
|
| 506 |
0 |
|
|a Open Access
|f Unrestricted online access
|2 star
|
| 588 |
|
|
|a Description based on print version record.
|
| 650 |
|
7 |
|a Musik
|2 gnd
|
| 650 |
|
7 |
|a Literatur
|2 gnd
|
| 650 |
|
7 |
|a Künste
|2 gnd
|
| 650 |
|
7 |
|a Kunst
|2 gnd
|
| 650 |
|
7 |
|a Englisch
|2 gnd
|
| 650 |
|
7 |
|a Barock
|2 gnd
|
| 650 |
1 |
7 |
|a Barok.
|2 gtt
|
| 650 |
1 |
7 |
|a Esthetica.
|2 gtt
|
| 650 |
1 |
7 |
|a Beeldende kunsten.
|2 gtt
|
| 650 |
1 |
7 |
|a Letterkunde.
|2 gtt
|
| 650 |
1 |
7 |
|a Muziek.
|2 gtt
|
| 650 |
|
7 |
|a Arts, Baroque.
|2 fast
|0 (OCoLC)fst00817918
|
| 650 |
|
6 |
|a Arts baroques.
|
| 650 |
|
0 |
|a Arts, Baroque.
|
| 651 |
|
7 |
|a Englisch.
|2 swd
|
| 651 |
|
7 |
|a Grossbritannien
|2 gnd
|
| 655 |
|
7 |
|a Electronic books.
|2 local
|
| 710 |
2 |
|
|a Project Muse.
|e distributor
|
| 830 |
|
0 |
|a Book collections on Project MUSE.
|
| 856 |
4 |
0 |
|z Texto completo
|u https://projectmuse.uam.elogim.com/book/84702/
|